00622nam a2200169Ia 4500008004000000020001800040082001600058100002500074245005800099260004000157300001200197650004000209690002200249906001200271999001900283952015000302210210b2000 xxu||||| |||| 00| 0 eng d a81 7371 326 X a574.88 SUME aSUMMERS (William C). aFelix d'herelle and the origins of molecular biology. aHyderabadbUniversities Pressc2000 axii,230 ad'Herelle, Felix Molecular biology aMolecular Biology aSG03747 c114494d114494 001040708BiologyaALbALcBiologyd2021-02-17eSita Book House, Mangalore.g0.00l0o574.88 SUMEpSG03747r2021-02-17 00:00:00w2021-02-17ySG